Venezuela. Atlas ekonoma.

Politická a hospodárska situácia Venezuely. Mena, bankovníctvo, štátne financie, zahraničná zadlženosť, platobná bilancia a zahraničný obchod. Obchodné styky bývalej ČSFR s Venezuelou.

Salvato in:
Dettagli Bibliografici
Autore principale: Hálek, J.
Natura: Capitolo di libro
Lingua:ceco
Soggetti:
Tags: Aggiungi Tag
Nessun Tag, puoi essere il primo ad aggiungerne!!

MARC

LEADER 00000naa a2200000 4500
001 r013051
005 20221205075726.1
041 0 |a cze 
044 |a CZ 
245 1 0 |a Venezuela.  |b Atlas ekonoma.  |c J. Hálek 
520 |a Politická a hospodárska situácia Venezuely. Mena, bankovníctvo, štátne financie, zahraničná zadlženosť, platobná bilancia a zahraničný obchod. Obchodné styky bývalej ČSFR s Venezuelou. 
610 2 0 |a rozvoj hospodársky 
610 2 0 |a hospodárstvo národné 
610 2 0 |a Venezuela 
610 2 0 |a mena 
610 2 0 |a bankovníctvo 
610 2 0 |a financie štátne 
610 2 0 |a zadlženosť zahraničná 
610 2 0 |a bilancia platobná 
610 2 0 |a obchod zahraničný 
610 2 0 |a ČSFR 
100 1 |a Hálek, J.